Complete the Card - WWE WrestleMania 22 - Statistics

General Stats
  • This quiz has been taken 956 times
  • The average score is 24 of 30
Answer Stats
Answer % Correct
John Cena
98%
Triple H
98%
The Undertaker
97%
Edge
96%
Randy Orton
95%
Rey Mysterio
94%
Kane
93%
Kurt Angle
92%
Mark Henry
91%
Shawn Michaels
91%
The Big Show
90%
Mick Foley
87%
Trish Stratus
87%
Chris Benoit
83%
Rob Van Dam
83%
Vince McMahon
83%
Matt Hardy
82%
John Bradshaw Layfield
81%
Mickie James
81%
Shelton Benjamin
79%
Ric Flair
77%
Booker T
68%
Finlay
68%
Carlito
67%
Torrie Wilson
64%
Chris Masters
63%
Bobby Lashley
62%
The Boogeyman
56%
Sharmell
54%
Candice Michelle
50%
No matching quizzes found
Score Distribution
Percent of People with Each Score
Percentile by Number Answered
Your Score History
You have not taken this quiz